R (on the application of Barker) v Bromley London Borough Council (Record no. 78172)
[ view plain ]
| 000 -LEADER | |
|---|---|
| fixed length control field | 01848cab a2200229 4500 |
| 001 - CONTROL NUMBER | |
| control field | L136180 |
| 008 - FIXED-LENGTH DATA ELEMENTS--GENERAL INFORMATION | |
| fixed length control field | 070116n2006 000 0 eng u |
| 035 ## - SYSTEM CONTROL NUMBER | |
| System control number | (Sirsi) u136180 |
| 041 0# - LANGUAGE CODE | |
| Language code of text/sound track or separate title | eng |
| 245 00 - TITLE STATEMENT | |
| Title | R (on the application of Barker) v Bromley London Borough Council |
| 260 ## - PUBLICATION, DISTRIBUTION, ETC. | |
| Date of publication, distribution, etc. | 2006 |
| 520 ## - SUMMARY, ETC. | |
| Summary, etc. | [2006] UKHL 5, 6 December 2006. The respondent planning authority had granted outline planning permission for a development on the site of the park but had not considered at that stage that an environmental impact assessment (EIA) needed to be carried out. When the developer submitted an application for the approval of reserved matters, a number of councillors indicated that they wished an EIA to be carried out before the reserved matters were approved. The issue before the court was whether, by failing to provide for the situations where an EIA might be required at the reserved matters stage, the 1988 Regulations failed fully and properly to implement the Directive. "Held": the European Court of Justice ruled that Art.2(1) and Art.4(2) of Council Directive 85/337 were to be interpreted as requiring an EIA to be carried out if the project was likely to have significant effects on the environment by virtue of its size, nature or location. |
| 590 ## - LOCAL NOTE (RLIN) | |
| Local note | KA |
| 650 24 - SUBJECT ADDED ENTRY--TOPICAL TERM | |
| Topical term or geographic name entry element | TOWN AND COUNTRY PLANNING (ASSESSMENT OF ENVIRONMENTAL EFFECTS) REGULATIONS 1988 |
| 650 24 - SUBJECT ADDED ENTRY--TOPICAL TERM | |
| Topical term or geographic name entry element | COUNCIL DIRECTIVE 85/337 |
| 650 24 - SUBJECT ADDED ENTRY--TOPICAL TERM | |
| Topical term or geographic name entry element | R V BROMLEY LBC AND ANOTHER EX P BARKER |
| 650 24 - SUBJECT ADDED ENTRY--TOPICAL TERM | |
| Topical term or geographic name entry element | R V SOS TRANSPORT EX P WELLS |
| 651 #4 - SUBJECT ADDED ENTRY--GEOGRAPHIC NAME | |
| Geographic name | LONDON |
| 690 ## - LOCAL SUBJECT ADDED ENTRY--TOPICAL TERM (OCLC, RLIN) | |
| Topical term or geographic name as entry element | ENVIRONMENTAL AND LAND CONSULTANCY-ENVIRONMENTAL MANAGEMENT-ENVIRONMENTAL ASSESSMENT-ENVIRONMENTAL IMPACT ASSESSMENT |
| 856 48 - ELECTRONIC LOCATION AND ACCESS | |
| Uniform Resource Identifier | <a href="https://www.publications.parliament.uk/pa/ld200607/ldjudgmt/jd061206/barker-1.htm">https://www.publications.parliament.uk/pa/ld200607/ldjudgmt/jd061206/barker-1.htm</a> |
| Public note | View the item free of charge at www.publications.parliament.uk... |
| 942 ## - ADDED ENTRY ELEMENTS (KOHA) | |
| Suppress in OPAC | 0 |
| Withdrawn status | Lost status | Source of classification or shelving scheme | Damaged status | Not for loan | Home library | Current library | Shelving location | Date acquired | Total Checkouts | Full call number | Barcode | Date last seen | Copy number | Price effective from | Koha item type |
|---|---|---|---|---|---|---|---|---|---|---|---|---|---|---|---|
| Dewey Decimal Classification | Virtual | Virtual | Online | 16/01/2007 | ONLINE PUBLICATION | 136180-2001 | 06/08/2019 | 1 | 06/08/2019 | Law report |